Exotic appetites : ruminations of a food adventurer /

Bibliographic Details
Main Author: Heldke, Lisa M. (Lisa Maree), 1960-
Format: Book
Language:English
Published: New York : Routledge, 2003.
Subjects:

MARC

Tag First Indicator Second Indicator Subfields
LEADER 00000pam a22000004a 4500
001 in00001728310
005 20151025050824.0
008 021220s2003 nyu b 001 0beng
010 |a  2002156317 
015 |a GBA3-Z2186 
020 |a 0415943841 (hb : alk. paper) 
020 |a 041594385X (pb : alk. paper) 
035 |a (OCoLC)ocm51323207 
040 |a DLC  |c DLC  |d YDX  |d UKM  |d TXA  |d UtOrBLW 
042 |a pcc 
049 |a TXAM 
050 0 0 |a TX649.H45  |b A3 2003 
082 0 0 |a 641/.01/3  |2 21 
100 1 |a Heldke, Lisa M.  |q (Lisa Maree),  |d 1960- 
245 1 0 |a Exotic appetites :  |b ruminations of a food adventurer /  |c Lisa M. Heldke. 
264 1 |a New York :  |b Routledge,  |c 2003. 
300 |a xxx, 266 pages ;  |c 24 cm. 
336 |a text  |b txt  |2 rdacontent 
337 |a unmediated  |b n  |2 rdamedia 
338 |a volume  |b nc  |2 rdacarrier 
504 |a Includes bibliographical references (pages [249]-257) and index. 
600 1 0 |a Heldke, Lisa M.  |q (Lisa Maree),  |d 1960- 
650 0 |a Gastronomy. 
600 1 4 |a Heldke, Lisa. 
994 |a E0  |b TXA 
948 |a cataloged  |b h  |c 2003/4/17  |d c  |e bwalker  |f 10:02:22 am 
999 |a MARS 
999 f f |s 6a482055-e97a-3eb5-8bfa-3964bcce97f4  |i 35df7372-6e67-3ef3-91d2-13ebd8734219  |t 0 
952 f f |p ric  |a Texas A&M University  |b Rellis Campus  |c Joint Library Facility  |d Remote Storage  |t 0  |e TX649.H45 A3 2003  |h Library of Congress classification  |i unmediated -- volume  |m A14830084366 
998 f f |a TX649.H45 A3 2003  |t 0  |l Remote Storage